000 00812nam a22001937a 4500
003 UA-OsUOA
001 7619
007 ta
008 20040623b un ||||| |||| 00| 0 ukr d
100 _aЖшман В.
700 _aУркевич В.
942 _cSA
040 _aUA-OsUOA
_cUA-OsUOA
_dUA-OsUOA
245 _aПравове регулювання майнових аспекти діяльності фермерських господарств за новим законодавством України окремі проблеми
_cЖшман В. ; Жшман В. ; Жшман В. ; Жшман В. ; Жшман В. ; Жшман В. , Уркевич В.
300 _aС.46-50
955 _a0
773 0 _w0
_tПраво України
_dКиїв
_d2004
_gN6
650 7 _aЗемельне право
_2UDC
999 _c293780
_d293780